Countries of the World: 1945 - Statistics

General Stats
  • This quiz has been taken 46 times
  • The average score is 68 of 91
Answer Stats
Picture Answer % Correct
Albania
97%
Brazil
97%
Afghanistan
95%
Argentina
95%
Australia
95%
Belgium
95%
Azad Hind
92%
Andorra
89%
Bulgaria
89%
Iran
89%
Chile
87%
Germany
87%
United Kingdom
87%
United States
87%
Colombia
84%
Costa Rica
84%
Denmark
84%
Japan
84%
Korea
84%
Soviet Union
84%
Turkey
84%
Bolivia
82%
Finland
82%
France
82%
Hungary
82%
Ireland
82%
Italian Social Republic
82%
Kingdom of Italy
82%
Mongolia
82%
Nepal
82%
Portugal
82%
Saudi Arabia
82%
Spain
82%
Sweden
82%
Thailand
82%
Czechoslovakia
79%
Ecuador
79%
Iceland
79%
Laos
79%
Luang Prabang
79%
Mexico
79%
Netherlands
79%
Poland
79%
Republic of China
79%
Switzerland
79%
Croatia
76%
Empire of Vietnam
76%
Indonesia
76%
Lebanon
76%
Liechtenstein
76%
Monaco
76%
New Zealand
76%
Norway
76%
Peru
76%
Syria
76%
Tibet
76%
Uruguay
76%
Vatican City
76%
Venezuela
76%
Canada
74%
Democratic Republic of Vietnam
74%
Dominican Republic
74%
Guatemala
74%
Haiti
74%
Honduras
74%
Luxembourg
74%
Panama
74%
Philippines
74%
Reorganized National Government of the Republic of China
74%
Romania
74%
San Marino
74%
Yugoslavia
74%
Greece
71%
Liberia
71%
Nicaragua
71%
Paraguay
71%
El Salvador
68%
Egypt
63%
Ethiopia
63%
Iraq
63%
South Africa
63%
Yemen
55%
Burma
47%
Manchukuo
45%
Muscat and Oman
45%
Slovakia
45%
Kampuchea
32%
Azerbaijan People's Government
18%
East Turkestan
18%
Inner Mongolia
18%
Mengjiang
16%
No matching quizzes found
Score Distribution
Percent of People with Each Score
Percentile by Number Answered
Your Score History
You have not taken this quiz